|
|
|
|
| LEADER |
03661nam a22005415i 4500 |
| 001 |
978-3-540-71320-3 |
| 003 |
DE-He213 |
| 005 |
20151204161415.0 |
| 007 |
cr nn 008mamaa |
| 008 |
100301s2008 gw | s |||| 0|eng d |
| 020 |
|
|
|a 9783540713203
|9 978-3-540-71320-3
|
| 024 |
7 |
|
|a 10.1007/978-3-540-71320-3
|2 doi
|
| 040 |
|
|
|d GrThAP
|
| 050 |
|
4 |
|a QC793-793.5
|
| 050 |
|
4 |
|a QC174.45-174.52
|
| 072 |
|
7 |
|a PHQ
|2 bicssc
|
| 072 |
|
7 |
|a SCI051000
|2 bisacsh
|
| 082 |
0 |
4 |
|a 539.72
|2 23
|
| 100 |
1 |
|
|a Carmichael, Howard J.
|e author.
|
| 245 |
1 |
0 |
|a Statistical Methods in Quantum Optics 2
|h [electronic resource] :
|b Non-Classical Fields /
|c by Howard J. Carmichael.
|
| 264 |
|
1 |
|a Berlin, Heidelberg :
|b Springer Berlin Heidelberg,
|c 2008.
|
| 300 |
|
|
|a XV, 542 p.
|b online resource.
|
| 336 |
|
|
|a text
|b txt
|2 rdacontent
|
| 337 |
|
|
|a computer
|b c
|2 rdamedia
|
| 338 |
|
|
|a online resource
|b cr
|2 rdacarrier
|
| 347 |
|
|
|a text file
|b PDF
|2 rda
|
| 490 |
1 |
|
|a Theoretical and Mathematical Physics,
|x 1864-5879
|
| 505 |
0 |
|
|a The Degenerate Parametric OscillatorI: Squeezed States -- The Degenerate Parametric OscillatorII: Phase-Space Analysisinthe Small-Noise Limit -- The PositiveP Representation -- The Degenerate Parametric OscillatorIII: Phase-Space Analysis Outside the Small-Noise Limit -- Cavity QED I: Simple Calculations -- Many Atoms in a Cavity: Macroscopic Theory -- Many Atoms in a Cavity II: Quantum Fluctuations in the Small-Noise Limit -- Cavity QED II: Quantum Fluctuations -- Quantum Trajectories I: Background and Interpretation -- Quantum Trajectories II: The Degenerate Parametric Oscillator -- Quantum Trajectories III: More Examples.
|
| 520 |
|
|
|a Statistical Methods in Quantum Optics 2 - Non-Classical Fields continues the development of the methods used in quantum optics to treat open quantum systems and their fluctuations. Its early chapters build upon the phase-space methods introduced in the first volume Statistical Methods in Quantum Optics 1 - Matter Equations and Fokker-Planck Equations: the difficulties these methods face in treating non-classical light are exposed, where the regime of large fluctuations – failure of the system size expansion – is shown to be particularly problematic. Cavity QED is adopted as a natural vehicle for extending quantum noise theory into this regime. In response to the issues raised, the theory of quantum trajectories is presented as a universal approach to the treatment of fluctuations in open quantum systems. This book presents its material at a level suitable for beginning researchers or students in an advanced course in quantum optics, or a course in quantum mechanics or statistical physics that deals with open quantum systems. The text is complemented by exercises and interspersed notes that point the reader to side issues or a deeper exploration of the material presented.
|
| 650 |
|
0 |
|a Physics.
|
| 650 |
|
0 |
|a Quantum physics.
|
| 650 |
|
0 |
|a Elementary particles (Physics).
|
| 650 |
|
0 |
|a Quantum field theory.
|
| 650 |
|
0 |
|a Quantum optics.
|
| 650 |
|
0 |
|a Statistical physics.
|
| 650 |
|
0 |
|a Dynamical systems.
|
| 650 |
1 |
4 |
|a Physics.
|
| 650 |
2 |
4 |
|a Elementary Particles, Quantum Field Theory.
|
| 650 |
2 |
4 |
|a Quantum Optics.
|
| 650 |
2 |
4 |
|a Quantum Physics.
|
| 650 |
2 |
4 |
|a Statistical Physics, Dynamical Systems and Complexity.
|
| 710 |
2 |
|
|a SpringerLink (Online service)
|
| 773 |
0 |
|
|t Springer eBooks
|
| 776 |
0 |
8 |
|i Printed edition:
|z 9783540713197
|
| 830 |
|
0 |
|a Theoretical and Mathematical Physics,
|x 1864-5879
|
| 856 |
4 |
0 |
|u http://dx.doi.org/10.1007/978-3-540-71320-3
|z Full Text via HEAL-Link
|
| 912 |
|
|
|a ZDB-2-PHA
|
| 950 |
|
|
|a Physics and Astronomy (Springer-11651)
|